The project Workout : (Record no. 1141)

MARC details
000 -LEADER
fixed length control field 00599nac a22001691u 4500
008 - FIXED-LENGTH DATA ELEMENTS--GENERAL INFORMATION
fixed length control field 100922t2000 -uk|||||r|||| 001 0 eng d
020 ## - INTERNATIONAL STANDARD BOOK NUMBER
International Standard Book Number 027364436X (pbk.)
020 ## - INTERNATIONAL STANDARD BOOK NUMBER
International Standard Book Number 978027364436
082 ## - DEWEY DECIMAL CLASSIFICATION NUMBER
Classification number 658.404
Item number BUT
Edition number 22
100 ## - MAIN ENTRY--PERSONAL NAME
Personal name Buttrick, Robert.
9 (RLIN) 19695
245 ## - TITLE STATEMENT
Title The project Workout :
Remainder of title A Toolkit for Reaping the Rewards from all Your Business Projects /
Statement of responsibility, etc Robert Buttrick.
250 ## - EDITION STATEMENT
Edition statement 2nd ed.
260 ## - PUBLICATION, DISTRIBUTION, ETC. (IMPRINT)
Place of publication, distribution, etc London :
Name of publisher, distributor, etc Financial Times Prentice Hall,
Date of publication, distribution, etc 2000
300 ## - PHYSICAL DESCRIPTION
Extent xxv, 464 p. :
Other physical details ill., port. ;
Dimensions 25 cm.
650 ## - SUBJECT ADDED ENTRY--TOPICAL TERM
Topical term or geographic name as entry element Project management.
9 (RLIN) 19696
942 ## - ADDED ENTRY ELEMENTS (KOHA)
Item type Book - Borrowing
Call number prefix 658.404BUT
Source of classification or shelving scheme Dewey Decimal Classification
Holdings
Withdrawn status Item status Damaged status Not for loan Home library Current library Shelving location Date acquired Source of acquisition Total Checkouts Full call number Barcode Date last seen Koha item type Source of classification or shelving scheme Vendor
        Central Library Central Library First floor 23/08/2006 Purchase   658.404 BUT 000003353 15/07/2025 Book - Borrowing    
        Central Library Central Library First floor 22/09/2010     658.404 BUT 000021748 24/08/2022 CD | DVD - With book Dewey Decimal Classification